000 00819nam a2200265 a 4500
001 53046
003 BD-RjUL
005 20211209075911.0
008 161002r19751970enka b 001 0 eng u
020 _a0412138204
035 _a(BD-RjUL)53166
040 _aDLC
_cDLC
_dm.c
_dBD-RjUL
_beng
041 _aeng
082 _223
_a519.5
_bSIS 1975
100 1 _aSilvey, S. D.
_q(Samuel David)
_9154459
245 1 0 _aStatistical inference /
_cS.D. Silvey.
250 _aRepr. with corrections.
260 _aLondon :
_bChapman and Hall ;
_c1975.
300 _a191 p. :
_bill. ;
_c21 cm.
490 _aMonographs on applied probability and statistics.
500 _aIncludes index.
650 0 _aMathematical statistics.
_9158546
830 0 _aMonographs on applied probability and statistics.
_9158625
942 _2ddc
_cBK
999 _c53046
_d53046